000 00615nam a2200229Ia 4500
003 OSt
005 20221005023152.0
006 a|||||r|||| 00| 0
007 ta
008 221004b |||||||| |||| 00| 0 kan d
024 _a60145
037 _cTextual
040 _aCRL
_cCRL
_bkan
041 _2kan
_akan
082 _aO33,3N051,4, L5
100 _aRshi Au.
_9579179
245 0 _aKoravanje kanda nagu samaja
260 _aBangalore
_bHamsa dhawani prakashan India
_c1975
650 _aKANNAD FICTION
942 _hO33,3N051,4, L5
_cTEXL
_2cc
999 _c930705
_d930705